Statistics for Second Most Common Religion by US State (with a map)

Click here to take the quiz!

General Stats

  • This quiz has been taken 775 times
  • The average score is 45 of 50

Answers on the Map

Answers color-coded by a green-red scale on the quiz's map according to % correct below.
 

Answer Stats

State% Correct
Alabama
98%
Arkansas
98%
Florida
98%
Georgia
98%
Illinois
98%
Indiana
98%
Iowa
98%
Kentucky
98%
Louisiana
98%
Michigan
98%
Mississippi
98%
Nebraska
98%
North Carolina
98%
North Dakota
98%
South Dakota
98%
Texas
98%
Virginia
98%
West Virginia
98%
Wisconsin
98%
Alaska
91%
California
91%
Colorado
91%
Hawaii
91%
Idaho
91%
Kansas
91%
Montana
91%
Nevada
91%
New Mexico
91%
Oklahoma
91%
Oregon
91%
Utah
91%
Washington
91%
Wyoming
91%
Arizona
87%
Delaware
87%
Connecticut
82%
Maine
82%
Maryland
82%
Massachusetts
82%
Minnesota
82%
Missouri
82%
New Hampshire
82%
New Jersey
82%
New York
82%
Ohio
82%
Pennsylvania
82%
Rhode Island
82%
Tennessee
82%
Vermont
82%
South Carolina
34%

Score Distribution

Percentile by Number Answered

Percent of People with Each Score

Your Score History

You have not taken this quiz